000 00593nam a2200253Ia 4500
005 20260121161035.0
008 008 260114s9999 xx 000 0 eng d
020 _a9780203944301
037 _aEBOOK
040 _aCRL
040 _beng
040 _cCRL
041 _2eng
041 _aeng
084 _qCRL
100 _a Jennifer Rothchild
_91039462
245 0 _aGender Trouble Makers
260 _bTaylor and Francis
260 _c2006
856 _uhttp://www.taylorfrancis.com/books/9780203944301
942 _cEBOOK
999 _c1606278
_d1606278